| 000 | 00923nam0a22002531 4500 | ||
|---|---|---|---|
| 001 | rc\988691 | ||
| 005 | 20041129101437.2 | ||
| 035 | _a(NLR Aleph) 006156065 | ||
| 090 |
_a5813047 _c5813047 |
||
| 100 | _a20041129d1981 u |0rusy50 ca | ||
| 101 | 0 | _arus | |
| 102 | _aRU | ||
| 105 | _aa ||||||||| | ||
| 200 | 1 |
_aГоршок каши _eСказка _e[Для дошк. возраста] _fБратья Гримм _g[Пересказал А. Введенский] _gРис. В. Конашевича |
|
| 210 |
_aЛ. _cДет. лит. Ленингр. отд-ние _d1981 |
||
| 215 |
_a12 с. _cцв. ил. _d28 |
||
| 700 | 1 |
_aГримм _bЯ. _f1785-1863 _gЯков |
|
| 701 | 1 |
_aГримм _bВ. К. _gВильгельм Карл |
|
| 702 | 1 |
_aВведенский _bА. И. _gАлександр Иванович _4570 |
|
| 801 | 0 |
_aRU _bNLR _gpsbo |
|
| 801 | 1 |
_aRU _bELAR _2rusmarc |
|
| 852 |
_aNLR _j81-8/657 |
||
| 942 | _cBOOK | ||
| 980 | _aNB | ||